The king's taster / (Record no. 8265)
[ view plain ]
| 000 -LEADER | |
|---|---|
| fixed length control field | 01028nam a22003017a 4500 |
| 001 - CONTROL NUMBER | |
| control field | 8265 |
| 003 - CONTROL NUMBER IDENTIFIER | |
| control field | FISKH |
| 005 - DATE AND TIME OF LATEST TRANSACTION | |
| control field | 20250905113824.0 |
| 008 - FIXED-LENGTH DATA ELEMENTS--GENERAL INFORMATION | |
| fixed length control field | 250905b cb ||||| |||| 00| 0 eng d |
| 020 ## - INTERNATIONAL STANDARD BOOK NUMBER | |
| International Standard Book Number | 9780545331531 |
| 040 ## - CATALOGING SOURCE | |
| Original cataloging agency | FISKH |
| Language of cataloging | eng |
| Transcribing agency | FISKH |
| Modifying agency | FISKH |
| 050 ## - LIBRARY OF CONGRESS CALL NUMBER | |
| Classification number | PZ7.O614 K |
| 082 ## - DEWEY DECIMAL CLASSIFICATION NUMBER | |
| Classification number | 305 |
| 100 ## - MAIN ENTRY--PERSONAL NAME | |
| Personal name | Oppel, Kenneth |
| 245 ## - TITLE STATEMENT | |
| Title | The king's taster / |
| Statement of responsibility, etc. | By Kenneth Oppel : paintings by Steve Johnson & Lou Fancher |
| 250 ## - EDITION STATEMENT | |
| Edition statement | First Scholastic printing, January 2011 |
| 260 ## - PUBLICATION, DISTRIBUTION, ETC. | |
| Place of publication, distribution, etc. | New York : |
| Name of publisher, distributor, etc. | Scholastic , |
| Date of publication, distribution, etc. | 2009. |
| 300 ## - PHYSICAL DESCRIPTION | |
| Extent | 32 unnumbered pages : |
| Other physical details | color illustrations ; |
| Dimensions | 25 cm . |
| 505 ## - FORMATTED CONTENTS NOTE | |
| Formatted contents note | K <br/><br/> |
| 520 ## - SUMMARY, ETC. | |
| Summary, etc. | The royal chef takes Max the dog, the royal taster, on several international journeys to find a dish for the land's pickiest king. |
| 521 8# - TARGET AUDIENCE NOTE | |
| Target audience note | 520 <br/><br/> |
| Source | Lexile <br/><br/> |
| 521 8# - TARGET AUDIENCE NOTE | |
| Target audience note | K <br/><br/> |
| Source | Raz-Plus <br/> |
| 650 ## - SUBJECT ADDED ENTRY--TOPICAL TERM | |
| Topical term or geographic name entry element | Good nutrition |
| Form subdivision | Children's Book |
| 700 ## - ADDED ENTRY--PERSONAL NAME | |
| Personal name | Johnson, Steve |
| Relator term | Illustrator |
| 700 ## - ADDED ENTRY--PERSONAL NAME | |
| Personal name | Fancher , Lou |
| Relator term | Illustrator |
| 942 ## - ADDED ENTRY ELEMENTS (KOHA) | |
| Source of classification or shelving scheme | Dewey Decimal Classification |
| Koha item type | Books |
| Suppress in OPAC | No |
| Withdrawn status | Lost status | Source of classification or shelving scheme | Damaged status | Not for loan | Collection | Home library | Current library | Shelving location | Date acquired | Total Checkouts | Full call number | Barcode | Date last seen | Price effective from | Koha item type |
|---|---|---|---|---|---|---|---|---|---|---|---|---|---|---|---|
| Dewey Decimal Classification | Juvenile Fiction | Footprints International School Library Network Toul Tom Poung Campus | Footprints International School Library Network Toul Tom Poung Campus | TTP Primary Yellow Bookshelves | 09/05/2025 | OPP 305 PZ7.O614 K | FISBK06004 | 09/05/2025 | 09/05/2025 | Books |
